000
00210 a2200097 4500
001
27749
100
_a
Beveridge, A
245
_a
Baburnama Vol II
260
_a
_b
Sange-Meel Publisher
_c
090
_c
18536
_d
18536
942
_a
NUST-CAE
_c
M
_c
9487
999
_c
262822
_d
262822